Primaleón (Record no. 4267)
[ view plain ]
| 000 -CABECERA | |
|---|---|
| campo de control de longitud fija | 00979nam a2200277 a 4500 |
| 001 - NÚMERO DE CONTROL | |
| campo de control | BRCA_4562 |
| 005 - FECHA Y HORA DE LA ÚLTIMA TRANSACCIÓN | |
| campo de control | 20190320204722.0 |
| 008 - DATOS DE LONGITUD FIJA--INFORMACIÓN GENERAL | |
| campo de control de longitud fija | 990510s1998####sp-######b---#000-1#spa-# |
| 020 ## - NÚMERO INTERNACIONAL ESTÁNDAR DEL LIBRO | |
| Número Internacional Estándar del Libro | 8488333315 |
| 041 ## - CÓDIGO DE LENGUA | |
| Código de lengua del texto/banda sonora o título independiente | spa |
| 044 ## - CÓDIGO DEL PAÍS DE LA ENTIDAD EDITORA/PRODUCTORA | |
| Código MARC del país | sp |
| 050 #4 - SIGNATURA TOPOGRÁFICA DE LA BIBLIOTECA DEL CONGRESO | |
| Número de clasificación | PQ6419 |
| Número de documento/Ítem | .P75 1998 |
| 245 10 - MENCIÓN DE TÍTULO | |
| Título | Primaleón |
| Resto del título | Salamanca, 1512 |
| Mención de responsabilidad, etc. | edición de Ma. Carmen Marín Pina. |
| 260 ## - PUBLICACIÓN, DISTRIBUCIÓN, ETC. | |
| Lugar de publicación, distribución, etc. | Alcalá de Henares [España] |
| Nombre del editor, distribuidor, etc. | Centro de Estudios Cervantinos |
| Fecha de publicación, distribución, etc. | 1998 |
| 300 ## - DESCRIPCIÓN FÍSICA | |
| Extensión | xxiii, 555 p. |
| Dimensiones | 24 cm. |
| 440 #0 - MENCIÓN DE SERIE/PUNTO DE ACCESO ADICIONAL--TÍTULO | |
| Título | Los libros de Rocinante |
| Designación de volumen o secuencia | 3 |
| 9 (RLIN) | 11554 |
| 500 ## - NOTA GENERAL | |
| Nota general | Continuación de: Palmerín de Oliva |
| 504 ## - NOTA DE BIBLIOGRAFÍA, ETC. | |
| Nota de bibliografía, etc. | Bibliografía: p. xxiii |
| 630 04 - PUNTO DE ACCESO ADICIONAL DE MATERIA--TÍTULO UNIFORME | |
| Título uniforme | Roman de Tristan en prosa |
| Subdivisión general | Traducciones al español |
| 9 (RLIN) | 11555 |
| 650 14 - PUNTO DE ACCESO ADICIONAL DE MATERIA--TÉRMINO DE MATERIA | |
| Término de materia o nombre geográfico como elemento de entrada | Tristán (legendario personaje) |
| Subdivisión general | Romances |
| 9 (RLIN) | 11556 |
| 650 14 - PUNTO DE ACCESO ADICIONAL DE MATERIA--TÉRMINO DE MATERIA | |
| Término de materia o nombre geográfico como elemento de entrada | Romances del rey Arturo |
| Subdivisión general | Historia y crítica |
| 9 (RLIN) | 11557 |
| 700 1# - PUNTO DE ACCESO ADICIONAL--NOMBRE DE PERSONA | |
| Nombre de persona | Marín Pina, Ma. Carmen |
| Forma completa/desarrollada del nombre | (María Carmen) |
| Término indicativo de función/relación | Editora |
| 9 (RLIN) | 11558 |
| 730 0# - PUNTO DE ACCESO ADICIONAL--TÍTULO UNIFORME | |
| Título uniforme | Palmerín de Oliva (Romance) |
| 9 (RLIN) | 11559 |
| 902 ## - CATALOGADOR | |
| Iniciales | CERV |
| 942 ## - ELEMENTOS DE PUNTO DE ACCESO ADICIONAL (KOHA) | |
| Fuente del sistema de clasificación o colocación | Library of Congress Classification |
| Tipo de ítem Koha | Libros |
| Estado de retiro | Estado de pérdida | Estado dañado | No para préstamo | Localización permanente | Ubicación/localización actual | Fecha de adquisición | Total de préstamos | Signatura topográfica completa | Código de barras | Fecha visto por última vez | Precio válido a partir de | Tipo de ítem Koha |
|---|---|---|---|---|---|---|---|---|---|---|---|---|
| El ejemplar forma parte de la colección y puede ser consultado según las políticas vigentes. | Biblioteca del Museo Franz Mayer (Rogerio Casas-Alatriste) | Biblioteca del Museo Franz Mayer (Rogerio Casas-Alatriste) | 23/09/2010 | PQ6419 .P75 1998 | CERV00021 | 22/03/2019 | 22/03/2019 | Libros |